<?xml version="1.0" encoding="UTF-8"?>
<record
    xmlns:xsi="http://www.w3.org/2001/XMLSchema-instance"
    xsi:schemaLocation="http://www.loc.gov/MARC21/slim http://www.loc.gov/standards/marcxml/schema/MARC21slim.xsd"
    xmlns="http://www.loc.gov/MARC21/slim">

  <leader>02122nam a22002657a 4500</leader>
  <controlfield tag="001">9374</controlfield>
  <controlfield tag="003">FISKH</controlfield>
  <controlfield tag="005">20251216101706.0</controlfield>
  <controlfield tag="008">251216b        cb ||||| |||| 00| 0 eng d</controlfield>
  <datafield tag="020" ind1=" " ind2=" ">
    <subfield code="a">9781558748798</subfield>
  </datafield>
  <datafield tag="040" ind1=" " ind2=" ">
    <subfield code="a">FISKH</subfield>
    <subfield code="b">eng</subfield>
    <subfield code="c">FISKH</subfield>
    <subfield code="d">FISKH</subfield>
  </datafield>
  <datafield tag="050" ind1=" " ind2=" ">
    <subfield code="a">LB1139.M67 T55</subfield>
  </datafield>
  <datafield tag="082" ind1=" " ind2=" ">
    <subfield code="a">372.01</subfield>
  </datafield>
  <datafield tag="100" ind1=" " ind2=" ">
    <subfield code="a">Tillman , Daine</subfield>
  </datafield>
  <datafield tag="245" ind1=" " ind2=" ">
    <subfield code="a">Living values activities for children ages 3-7 / </subfield>
    <subfield code="c">By Daine Tillman and Diana Hsu With activities from educators around the world </subfield>
  </datafield>
  <datafield tag="260" ind1=" " ind2=" ">
    <subfield code="a">Florida : </subfield>
    <subfield code="b">Health Communications , Inc ., </subfield>
    <subfield code="c">2000 .</subfield>
  </datafield>
  <datafield tag="300" ind1=" " ind2=" ">
    <subfield code="a">235 pages : </subfield>
    <subfield code="b">illustrations ; </subfield>
    <subfield code="c">23 cm . </subfield>
  </datafield>
  <datafield tag="490" ind1=" " ind2=" ">
    <subfield code="a">Living Valures : An Educational Program</subfield>
  </datafield>
  <datafield tag="520" ind1=" " ind2=" ">
    <subfield code="a">As pervasive violence shatters our nation, the call for values echoes through headlines and school hallways as educators, parents and children become increasingly concerned and affected. The Living Values series offers a variety of experiential activities for teachers and parents to help them teach children and young adults to develop twelve critical social values: cooperation, freedom, happiness, honesty, humility, love, peace, respect, responsibility, simplicity, tolerance and unity. In each book, these twelve values are explored using age-appropriate lessons that incorporate group discussions, reading, quiet reflection time, songs, artwork and action-oriented activities. These lessons are already in use in more than 1,000 locations in sixty-two countries. Pilot results indicate that students are enthusiastic and teachers report a decrease in aggressive behavior and more motivated students. The Living Values Educational Program was born when twenty educators from around the world gathered at UNICEF Headquarters in New York in 1996 to discuss the needs of children and how to better prepare students for lifelong success. These global educators identified the curriculum and the program was ready for piloting in February of 1997. </subfield>
  </datafield>
  <datafield tag="650" ind1=" " ind2=" ">
    <subfield code="a">Moral education ( Early Childhood  )</subfield>
  </datafield>
  <datafield tag="650" ind1=" " ind2=" ">
    <subfield code="a">Living Values , an Educational Program </subfield>
  </datafield>
  <datafield tag="650" ind1=" " ind2=" ">
    <subfield code="a">Values-Study and teaching </subfield>
  </datafield>
  <datafield tag="942" ind1=" " ind2=" ">
    <subfield code="2">ddc</subfield>
    <subfield code="c">BK</subfield>
    <subfield code="n">0</subfield>
  </datafield>
  <datafield tag="999" ind1=" " ind2=" ">
    <subfield code="c">9374</subfield>
    <subfield code="d">9374</subfield>
  </datafield>
  <datafield tag="952" ind1=" " ind2=" ">
    <subfield code="0">0</subfield>
    <subfield code="1">0</subfield>
    <subfield code="2">ddc</subfield>
    <subfield code="4">0</subfield>
    <subfield code="7">0</subfield>
    <subfield code="8">NFIC</subfield>
    <subfield code="a">002</subfield>
    <subfield code="b">002</subfield>
    <subfield code="c">SNS</subfield>
    <subfield code="d">2025-12-16</subfield>
    <subfield code="l">0</subfield>
    <subfield code="o">TIL 372.01 LB1139.M67 T55</subfield>
    <subfield code="p">FISSE04386</subfield>
    <subfield code="r">2025-12-16 10:17:03</subfield>
    <subfield code="w">2025-12-16</subfield>
    <subfield code="y">BK</subfield>
  </datafield>
</record>
